Score 0/15 Timer 01:30
0 Plays Today
% Correct
Wookiee
93.7%
Ewok
93%
Jawa
90.4%
Hutt
89.5%
Zabrak
68.2%
Bith
67.1%
Togruta
63.4%
Muun
62%
% Correct
Kel Dor
61.7%
Duros
57.6%
Jablogian
57.1%
Asogian
56.5%
Chiss
56%
Talz
52.3%
Anx
44.3%

Today's Daily Dose

Remove Ads.
Support Sporcle.
Get the best of Sporcle when you Go Orange. This ad-free experience offers more features, more stats, and more fun while also helping to support Sporcle. Thank you for becoming a member.

You're not logged in!

Compare scores with friends on all Sporcle quizzes.
OR
Log In

Show Comments

Extras

Top Quizzes Today


Score Distribution

Your Account Isn't Verified!

In order to create a playlist on Sporcle, you need to verify the email address you used during registration. Go to your Sporcle Settings to finish the process.

Report this User

Report this user for behavior that violates our Community Guidelines.

Details: